000 00599nam a2200217Ii 4500
001 18487
003 CO-ViMGA
008 241108s9999||||xx |||||||||||||| ||und||
020 _a9789978808051
040 _aCO-ViMGA
_bspa
_erda
_cCO-ViMGA
041 0 _aspa
084 _aC JOR1i
100 1 _aDavid Jorajuria
_946001
245 1 0 _aIba a ser sólo una broma
264 1 _aQuito, Ecuador : Libresa, 2003
300 _avolumen
336 _atext
_btxt
_2rdacontent
337 _aunmediated
_bn
_2rdamedia
338 _avolume
_bnc
_2rdacarrier
940 _aidficha_siabuc: 18150. -- ficha_no_siabuc:18487
999 _c40542
_d40542